|
|
|
|
| LEADER |
01155nam a2200265 a 4500 |
| 001 |
359704 |
| 008 |
100303r2004 enka b 000 0 eng d |
| 010 |
|
|
|a 68113570
|
| 020 |
|
|
|a 8175342633
|
| 040 |
|
|
|a DLC
|c DLC
|d DLC
|d DB-DhAAL
|
| 082 |
0 |
0 |
|a 340/.1
|2 19
|
| 100 |
1 |
|
|a Fitzgerald, P. J.
|q (Patrick John)
|
| 240 |
1 |
0 |
|a Jurisprudence
|
| 245 |
0 |
0 |
|a Salmond on jurisprudence.
|
| 250 |
|
|
|a 12th ed.,
|b by P. J. Fitzgerald.
|
| 260 |
|
|
|a London ;
|a Delhi :
|b Sweet & Maxwell ;
|b Universal Law publishing,
|c 2004.[reprinted]
|
| 300 |
|
|
|a xxiii, 481 p.
|b tables, diagrs.
|c 23 cm.
|
| 500 |
|
|
|a First ed. published in 1902 under the title: Jurisprudence.
|
| 504 |
|
|
|a Includes bibliography and index.
|
| 541 |
1 |
|
|e 00015187
|
| 650 |
|
0 |
|a Jurisprudence.
|
| 852 |
4 |
|
|a Ayesha Abed Library
|j General Shelf.
|
| 999 |
|
|
|c 7689
|d 7689
|
| 952 |
|
|
|0 0
|1 0
|2 ddc
|4 0
|6 340_100000000000000_FIT_2004
|7 0
|9 8423
|a BRACUL
|b BRACUL
|c GEN
|d 2010-03-03
|l 20
|m 17
|o 340.1 FIT
|p 3010015187
|r 2026-05-06
|s 2026-04-23
|t 1
|w 2010-03-03
|y BK
|
| 952 |
|
|
|0 0
|1 0
|2 ddc
|4 0
|6 340_100000000000000_FIT_2004
|7 0
|9 8671
|a BRACUL
|b BRACUL
|c GEN
|d 2010-03-18
|l 10
|m 80
|o 340.1 FIT
|p 3010015566
|r 2026-02-25
|s 2026-02-02
|t 2
|w 2010-03-18
|y BK
|